000 00844 a2200217 4500
020 _a0415328683
040 _aDLC
_bDLC
082 0 0 _a573.80113
245 0 0 _aModeling in the neurosciences: from biological systems to neuromimetic robotics
_bfrom biological systems to neuromimetic robotics
_cedited by G.N. Reeke ... [et al.].
250 _a2nd ed.
260 _aBoca Raton, Fla. :
_bTaylor & Francis,
_c2005.
300 _axvii, 711 p. :
_bill. ;
_c26 cm.
500 _aPrevious ed.: 1999.
650 0 _aNeurons
_xComputer simulation.
650 0 _aNeurons
_xMathematical models.
650 0 _aNeural networks (Neurobiology)
650 0 _aComputational neuroscience.
700 1 _aReeke, G. N.
_d1943-
856 4 2 _3Publisher description
_uhttp://www.loc.gov/catdir/enhancements/fy0647/2005298022-d.html
942 _cBK
_k573.80113 REE
_2ddc
999 _c7875
_d7875